Qualitative view on processes in material in dependence on its loading rate
Termálne procesy v materiáloch v súvislosti s ich mierou mechanického zaťaženia. Termálne zmeny. Stanovenie problému a informatívne kalkulácie. Presnejšie kalkulácie zmien teplôt materiálu pri rýchlom uvoľnení pôsobiacej sily. Diskusia.
Guardado en:
| Autor principal: | |
|---|---|
| Otros Autores: | , |
| Formato: | Capítulo de libro |
| Lenguaje: | inglés |
| Materias: | |
| Etiquetas: |
Sin Etiquetas, Sea el primero en etiquetar este registro!
|
MARC
| LEADER | 00000naa$a2200000$$$4500 | ||
|---|---|---|---|
| 001 | 0134686 | ||
| 005 | 20240717094331.6 | ||
| 041 | 0 | |a eng | |
| 044 | |a CZ | ||
| 245 | 1 | 0 | |a Qualitative view on processes in material in dependence on its loading rate |c Ľubomír Turňa, Milan Turňa, Mária Čaplovičová |
| 520 | |a Termálne procesy v materiáloch v súvislosti s ich mierou mechanického zaťaženia. Termálne zmeny. Stanovenie problému a informatívne kalkulácie. Presnejšie kalkulácie zmien teplôt materiálu pri rýchlom uvoľnení pôsobiacej sily. Diskusia. | ||
| 610 | 2 | 0 | |a materiál |
| 610 | 2 | 0 | |a teplo |
| 100 | 1 | |a Turňa, Ľubomír | |
| 700 | 1 | |a Turňa, Milan | |
| 700 | 1 | |a Čaplovičová, Mária | |